| 000 | 01609nam a22003014c 4500 | ||
|---|---|---|---|
| 003 | AR-BaSMT | ||
| 008 | 230315b2025 aga|||br|||| 00| 1 spa d | ||
| 020 | _a9789878002477 | ||
| 040 |
_aBSGB _bespañol _cBSGB _erda |
||
| 041 | 0 |
_aspa _hespañol |
|
| 080 | _a82-31 | ||
| 100 | 1 |
_aMoreno, Eloy _9413 |
|
| 245 | 1 | 3 | _aEl nuevo viaje de El Principito |
| 250 | _aprimera edición | ||
| 264 | 1 |
_aBuenos aires _bSalamandra _c2025 |
|
| 300 | _a120 páginas | ||
| 336 |
_2rdacontent _atexto _btxt |
||
| 337 |
_2rdamedia _asin mediación _bn |
||
| 338 |
_2rdacarrier _avolumen _bnc |
||
| 490 | _aInfantil | ||
| 520 | 3 |
_a¿Quién no querría saber lo que pasó con el Principito tras desaparecer en el desierto?
Una historia totalmente nueva sobre el Principito, la rosa y el zorro, que mantiene el tono clásico y tierno de la novela original. En este nuevo viaje, el Principito descubrirá planetas habitados por personas que representan los problemas de nuestros tiempos: dependencia extrema de la tecnología, contaminación, sobrepoblación, malgasto de recursos, individualismo, y otros.
Con la amistad y la empatía como hilos conductores, el universo de Saint-Exupéry brilla más que nunca con el estilo inconfundible de Eloy Moreno. _uhttps://www.penguinlibros.com/ar/tematicas/437682-libro-el-nuevo-viaje-de-el-principito-9789878002477?srsltid=AfmBOopnG5Y-MRHEcIiihdbJ7g-Iz8IMPEfa4V-lVEzrpR22gttZ8Byd |
|
| 521 | _aA partir de 12 años | ||
| 650 | 7 |
_aLITERATURA INFANTIL _98 _yESPAÑA |
|
| 650 | 7 |
_aNOVELA _95 |
|
| 700 | 1 |
_aSierra, David _eIlustrador _9472 |
|
| 942 |
_2ddc _aBOOK |
||
| 999 |
_c631 _d631 |
||